| 000 | 02862nam0a2200385 4500 | ||
|---|---|---|---|
| 001 | RU\NLR\BIBL_A\022724309 | ||
| 005 | 20260304144453.0 | ||
| 010 |
_a978-5-85382-571-0 _9150 |
||
| 021 |
_aRU _bКН-П-25-079046 _9КН-П-25-7662 |
||
| 035 | _a(NLR Aleph) 022724309 | ||
| 090 |
_a13556558 _c13556558 |
||
| 100 | _a20260210d2025 k y0rusy50 ca | ||
| 101 | 0 | _arus | |
| 102 | _aRU | ||
| 105 | _aac z 000yy | ||
| 181 | 0 |
_ai _baxxe |
|
| 182 | 0 | _an | |
| 200 | 1 |
_aРыбохозяйственный потенциал Азовского моря: развитие в условиях изменения климата и трансформации экосистемы _eмонография _f[С. В. Жукова, Л. А. Лутынская, В. Г. Карманов и др.] _gнаучный редактор и составитель: кандидат биологических наук, доцент, Почётный работник рыбного хозяйства России С. И. Дудкин _gФедеральноен агентство по рыболовству, Государственный научный центр Российской Федерации, Федеральное государственное бюджетное научное учреждение "Всероссийский научно-исследовательский институт рыбного хозяйства и океанографии" (ГНЦ РФ ФГБНУ "ВНИРО"), Азово-Черноморский филиал ("АзНИИРХ") |
|
| 203 |
_aТекст _bвизуальный _cнепосредственный |
||
| 210 |
_aМосква _cИзд-во ВНИРО _d2025 |
||
| 215 |
_a207 с. _cил., цв. ил., портр., табл. _d25 |
||
| 300 | _aАвт. указаны в содерж. | ||
| 320 | _aБиблиогр.: с. 190-207 | ||
| 606 | 1 |
_aБиологическая продуктивность _xВлияние антропических факторов _yАзовское море _9963125 _3RU\NLR\AUTH\6641082 |
|
| 686 | 1 | _aЕ082.156(922.6) | |
| 701 | 1 |
_7ca _8rus _aЖукова _bС. В. _cканд. геогр. наук, гидрология _gСветлана Витальевна _92675936 _3RU\NLR\AUTH\770284006 |
|
| 701 | 1 |
_aЛутынская _bЛ. А. _gЛюдмила Анатольевна |
|
| 701 | 1 |
_aКарманов _bВ. Г. _gВениамин Геннадьевич |
|
| 702 | 1 |
_aДудкин _bС. И. _gСергей Иванович _4220 |
|
| 712 | 0 | 2 |
_4570 _aВсероссийский НИИ рыбного хозяйства и океанографии _bАзово-Черноморский филиал _cРостов-на-Дону _9663679 _3RU\NLR\AUTH\880501956 |
| 942 | _cBOOK | ||
| 980 | _aNB | ||